Polscy medaliści olimpijscy Tokio 2020 - Statystyki

Ogólne statystyki
  • Ten quiz został rozwiązany 17 razy
  • Średni wynik to 5 z 14
Statystyki odpowiedzi
Konkurencja Zawodnik lub drużyna % Poprawnych
Lekkoatletyka - rzut młotem mężczyzn Wojciech Nowicki
88%
Lekkoatletyka - rzut młotem kobiet Anita Włodarczyk
82%
Lekkoatletyka - rzut młotem mężczyzn Paweł Fajdek
76%
Lekkoatletyka - chód na 50 km mężczyzn Dawid Tomala
71%
Lekkoatletyka - rzut młotem kobiet Malwina Kopron
59%
Lekkoatletyka - rzut oszczepem kobiet Maria Andrejczyk
35%
Lekkoatletyka - bieg na 800 m mężczyzn Patryk Dobek
35%
Zapasy Tadeusz Michalik
29%
Wioślarstwo Czwórka podwójna kobiet
18%
Kajakarstwo K-2 500 m kobiet
6%
Kajakarstwo K-4 500 m kobiet
6%
Żeglarstwo Klasa 470
6%
Lekkoatletyka - sztafeta Sztafeta 4x400 m kobiet
6%
Lekkoatletyka - sztafeta Sztafeta mieszana 4x400 m
6%
Nie znaleziono quizów pasujących do podanych kryteriów
Rozkład punktacji
Procent ludzi z każdym wynikiem
Percentyl według liczby udzielonych odpowiedzi
Twoja historia wyników
Nie rozwiązałeś tego quizu